000 00982nac a22002657a 4500
001 BR7702010
003 BR-BrBNA
005 20240105114038.0
008 230509b bl.|||m| |||| 00| 0 por d
040 _aBR-BrBNA
_bpor
_cBiblioteca Nacional de Agricultura
072 _aM00; M10
090 _a8100 BR7702010
110 1 _aPrograma de Pesquisa e Desenvolvimento Pesqueiro do Brasil, Brasilia, DF (Brasil)
_97976
245 1 _aNavio de Pesquisa Cruz del Sur. Relatorio do Cruzeiro no. 8 de 1977. Pesca exploratoria e prospeccao de recursos pesqueiros de meia-agua na regiao sul do Brasil (P-12)
260 3 _aBrasilia, DF (Brasil):
_c1977.
300 _a11 p.
490 _aNavio de Pesquisa Cruz del Sur. Relatorio do Cruzeiro (Brazil)
_vno. 8
_x
650 _aPESQUISA PESQUEIRA
650 _aPEIXE
650 _aRECURSO PESQUEIRO
650 _aPESCA EXPLORATORIA
650 _aREGIAO SUL
909 _a202312
_bLúcia Elande
_c55
_dLúcia Elande
942 _2AGRIS
_n0
_cMS
999 _c267075
_d267075